| 000 | 01235naa a22003137a 4500 | ||
|---|---|---|---|
| 001 | BR7704896 | ||
| 003 | BR-BrBNA | ||
| 005 | 20240918174039.0 | ||
| 007 | ta | ||
| 008 | 230509b bl.||||| |||| 00| 0 por d | ||
| 040 |
_aBR-BrBNA _bpor _cBiblioteca Nacional de Agricultura |
||
| 041 | _a(Pt) | ||
| 072 |
_aF30 _b2120 |
||
| 090 | _aF30 BR7704896 | ||
| 100 | 1 | _aAraujo Netto, K. de | |
| 100 | 1 | _aSantos, P.P. | |
| 111 | 1 |
_a5. Congresso Brasileiro de Pesquisas Cafeeiras _cGuarapari, ES (Brazil) _d18 Oct 1977 |
|
| 245 | 1 | _aDuas selecoes de Catimor com elevada precocidade de producao FEX 242-4 (Cova 900)e FEX 243-1 (Cova 456), progenies F4 do CIFC HW 26/5/(91/1 caturra vermelho x832/1 hibrido de Timor [cafe] | |
| 260 | 3 |
_aRio de Janeiro, RJ (Brasil): _c1977. |
|
| 500 | _aResumos do 5. Congresso Brasileiro de Pesquisas Cafeeiras Rio de Janeiro, RJ (Brasil): 1977. p. 230-233 (BR7704896-AM)F30 | ||
| 650 | _aCAFE | ||
| 650 | _aHIBRIDO | ||
| 650 | _aRENDIMENTO | ||
| 650 | _aPROGENIE | ||
| 650 | _aSELECAO GENETICA | ||
| 773 | 0 |
_tResumos do 5. Congresso Brasileiro de Pesquisas Cafeeiras _wF30 BR7704896 _gRio de Janeiro, RJ (Brasil), 1977. p. 230-233 |
|
| 909 |
_a202404 _bLucia _c55 _dLucia Elande |
||
| 942 |
_cAM _2AGRIS |
||
| 999 |
_c308570 _d308570 |
||